Taylor Swift - Setlist du Red Tour - Statistiques

Statistiques générales
  • Ce quiz a été pris 49 fois
  • Le résultat moyen est 12 sur 16
Statistiques - réponses
Hint Réponse % Correct
The Red Tour 22
100%
The Red Tour We Are Never Ever Getting Back Together
100%
The Red Tour You Belong With Me
97%
The Red Tour I Knew You Were Trouble
94%
The Red Tour Love Story
94%
The Red Tour Red
94%
The Red Tour All Too Well
91%
The Red Tour State of Grace
88%
The Red Tour Treacherous
76%
The Red Tour Holy Ground
70%
The Red Tour Everything Has Changed
67%
The Red Tour Begin Again
64%
The Red Tour Stay Stay Stay
64%
The Red Tour Sparks Fly
55%
The Red Tour The Lucky One
52%
The Red Tour Mean
42%
Aucun quiz correspondant
Distribution des résultats
% des personnes avec chaque résultat
Percentile par nombre de réponses
Votre historique - résultats
Vous n’avez pas pris ce quiz